Les Origines du plan Marshall : Le mythe de "l'aide" américaine (notice n° 2197941)

détails MARC
000 -LEADER
fixed length control field 01593cam a2200133 4500500
005 - DATE AND TIME OF LATEST TRANSACTION
control field 20260405085500.0
041 ## - LANGUAGE CODE
Language code of text/sound track or separate title fre
042 ## - AUTHENTICATION CODE
Authentication code dc
100 10 - MAIN ENTRY--PERSONAL NAME
Personal name Lacroix-Riz, Annie
Relator term author
245 00 - TITLE STATEMENT
Title Les Origines du plan Marshall : Le mythe de "l'aide" américaine
260 ## - PUBLICATION, DISTRIBUTION, ETC.
Name of publisher, distributor, etc. Armand Colin,<br/>
Date of publication, distribution, etc. 2023.<br/>
520 ## - SUMMARY, ETC.
Summary, etc. En France comme dans le reste de la zone d'influence américaine, "l'aide américaine" d'après-Seconde Guerre mondiale revient comme une litanie. Symbolisée par le "plan Marshall", cette aide qui a contribué au sauvetage de l'Europe occidentale ruinée et soutenu la France et l'Europe occidentale face à l'agression communiste et soviétique (l'URSS serait prête à violer les accords de Yalta dans une volonté de conquête territoriale) n'était pas pure philanthropie. En se penchant sur les échanges économiques, Annie Lacroix-Riz interroge les motivations des Etats-Unis quant aux prêts américains à l'étranger. Elle constate une constance de la stratégie économique extérieure des Etats-Unis, de type colonial. Ainsi, sur les conditions de durée ou de rupture des contrats fixées unilatéralement : interruption immédiate des crédits en cas de participation quelconque d'une instance soupçonnée de communisme dans le cas français ou italien par exemple. Se fondant sur des sources renouvelées, Annie Lacroix-Riz conteste la primauté des motivations politiques ou idéologiques dans la politiques extérieure des Etats-Unis.
856 41 - ELECTRONIC LOCATION AND ACCESS
Uniform Resource Identifier <a href="https://shs.cairn.info/les-origines-du-plan-marshall--9782200634575?lang=fr&redirect-ssocas=7080">https://shs.cairn.info/les-origines-du-plan-marshall--9782200634575?lang=fr&redirect-ssocas=7080</a>

Pas d'exemplaire disponible.

PLUDOC

PLUDOC est la plateforme unique et centralisée de gestion des bibliothèques physiques et numériques de Guinée administré par le CEDUST. Elle est la plus grande base de données de ressources documentaires pour les Étudiants, Enseignants chercheurs et Chercheurs de Guinée.

Adresse

627 919 101/664 919 101

25 boulevard du commerce
Kaloum, Conakry, Guinée

Réseaux sociaux

Powered by Netsen Group @ 2025